| 000 | 00000nam##2200000za#4500 |
| 001 | 9.647144 |
| 003 | CaOODSP |
| 005 | 20230202144025 |
| 007 | ta |
| 008 | 150407|1998||||xxc||||| f|0| 0 eng|d |
| 020 | |a0-662-27293-5 |
| 040 | |aCaOODSP|beng |
| 043 | |an-cn--- |
| 086 | 1 |aH72-21/163-1998E |
| 110 | 2 |aNational Clearinghouse on Family Violence (Canada). |
| 245 | 10|aHandbook for health and social service providers and educators on children exposed to woman abuse/family violence |
| 260 | |aOttawa - Ontario : |bHealth Canada. |c1998. |
| 300 | |avii, 69p. : |breferences, tables ; |c28 cm. |
| 500 | |a"The purpose of this handbook is to help communities and front-line professionals respond more effectively to children who witness violence. By implementing more sensitive and early intervention strategies, communities may be able to reduce the immediate and longer-term impact of such traumatic experience."--Page 5. |
| 520 | 3 |aThe purpose of this handbook is to help communities and front-line professionals respond more effectively to children who witness violence. By implementing more sensitive and early intervention strategies, communities may be able to reduce the immediate and longer-term impact of such traumatic experience.--Page 5 |
| 563 | |aSoftcover |
| 590 | |a99-45|b1999-11-12 |
| 690 | 07|aFamily violence|2gcpds |
| 690 | 07|aChild development|2gcpds |
| 775 | 08|tLes enfants exposés à la violence conjugale et familiale : |w(CaOODSP)9.680581 |
| 776 | 0#|tA handbook for health and social service providers and educators on children exposed to woman abuse/family violence |w(CaOODSP)9.695712 |